San Juan de Ulúa ou relation de l´ expedition francaise au Mexique, sous les ordres de le Contre-Amiral Baudin (Record no. 3670)

MARC details
000 -CABECERA
campo de control de longitud fija 01023nam a2200277 a 4500
001 - NÚMERO DE CONTROL
campo de control BRCA_3943
005 - FECHA Y HORA DE LA ÚLTIMA TRANSACCIÓN
campo de control 20190320204503.0
008 - DATOS DE LONGITUD FIJA--INFORMACIÓN GENERAL
campo de control de longitud fija 120110s1839----fr-a######---#000-0#fre-#
041 ## - CÓDIGO DE LENGUA
Código de lengua del texto/banda sonora o título independiente fre
044 ## - CÓDIGO DEL PAÍS DE LA ENTIDAD EDITORA/PRODUCTORA
Código MARC del país fr
050 #4 - SIGNATURA TOPOGRÁFICA DE LA BIBLIOTECA DEL CONGRESO
Número de clasificación F1232
Número de documento/Ítem .B53 1839
100 1# - ENTRADA PRINCIPAL--NOMBRE DE PERSONA
Nombre de persona Blanchard, P.
9 (RLIN) 10259
245 10 - MENCIÓN DE TÍTULO
Título San Juan de Ulúa ou relation de l´ expedition francaise au Mexique, sous les ordres de le Contre-Amiral Baudin
Mención de responsabilidad, etc. par P. Blanchard et A. Dauzats ; suivi des notes et documents, etd´un apercu general sus létat actuel du Texas, par E. Maissin.
260 ## - PUBLICACIÓN, DISTRIBUCIÓN, ETC.
Lugar de publicación, distribución, etc. París
Nombre del editor, distribuidor, etc. Gide
Fecha de publicación, distribución, etc. 1839
300 ## - DESCRIPCIÓN FÍSICA
Extensión 591 p.
Otras características físicas il.
Dimensiones 29 cm.
500 ## - NOTA GENERAL
Nota general Incluye tabla de capítulos.
500 ## - NOTA GENERAL
Nota general C96
650 14 - PUNTO DE ACCESO ADICIONAL DE MATERIA--TÉRMINO DE MATERIA
Término de materia o nombre geográfico como elemento de entrada Historia
Subdivisión cronológica 1821-1861
9 (RLIN) 10153
651 #4 - PUNTO DE ACCESO ADICIONAL DE MATERIA--NOMBRE GEOGRÁFICO
Nombre geográfico Historia
Subdivisión cronológica 1821-1861
9 (RLIN) 10153
651 #4 - PUNTO DE ACCESO ADICIONAL DE MATERIA--NOMBRE GEOGRÁFICO
Nombre geográfico México
Subdivisión de forma Texas
Subdivisión general Historia
Subdivisión cronológica hasta 1846
9 (RLIN) 10260
651 #4 - PUNTO DE ACCESO ADICIONAL DE MATERIA--NOMBRE GEOGRÁFICO
Nombre geográfico Francia
Subdivisión de forma Historia
Subdivisión general Louis Phillipe,
Subdivisión cronológica 1830-1848
9 (RLIN) 10261
700 1# - PUNTO DE ACCESO ADICIONAL--NOMBRE DE PERSONA
Nombre de persona Dauzats, Adrien,
Fecha de publicación/de la obra 1804-1868
Término indicativo de función/relación coaut.
9 (RLIN) 10262
700 1# - PUNTO DE ACCESO ADICIONAL--NOMBRE DE PERSONA
Nombre de persona Maissin, Eugene
Término indicativo de función/relación ed.
9 (RLIN) 10263
902 ## - CATALOGADOR
Iniciales GFM
942 ## - ELEMENTOS DE PUNTO DE ACCESO ADICIONAL (KOHA)
Fuente del sistema de clasificación o colocación Library of Congress Classification
Tipo de ítem Koha Libros
Holdings
Estado de retiro Estado de pérdida Estado dañado No para préstamo Localización permanente Ubicación/localización actual Fecha de adquisición Número de inventario Total de préstamos Signatura topográfica completa Código de barras Fecha visto por última vez Precio válido a partir de Tipo de ítem Koha
El ejemplar forma parte de la colección y puede ser consultado según las políticas vigentes.       Biblioteca del Museo Franz Mayer (Rogerio Casas-Alatriste) Biblioteca del Museo Franz Mayer (Rogerio Casas-Alatriste) 12/01/2010 C96   F1232 .B53 1839 (C96) 3940 22/03/2019 22/03/2019 Libros